Sīrat-i ʻUmar ibn ʻAbdul ʻAzīz. (Record no. 67694)
[ view plain ]
| 000 -LEADER | |
|---|---|
| fixed length control field | 00623cam a22002411 4500 |
| 001 - CONTROL NUMBER | |
| control field | sa 66001285 |
| 003 - CONTROL NUMBER IDENTIFIER | |
| control field | DLC |
| 005 - DATE AND TIME OF LATEST TRANSACTION | |
| control field | 20260227112220.0 |
| 008 - FIXED-LENGTH DATA ELEMENTS--GENERAL INFORMATION | |
| fixed length control field | 890425q19601969pk b 000 0 urdr |
| 010 ## - LIBRARY OF CONGRESS CONTROL NUMBER | |
| LC control number | sa 66001285 |
| 035 ## - SYSTEM CONTROL NUMBER | |
| System control number | (OCoLC)19602279 |
| 040 ## - CATALOGING SOURCE | |
| Original cataloging agency | DLC |
| Transcribing agency | WaU |
| Modifying agency | DLC |
| 042 ## - AUTHENTICATION CODE | |
| Authentication code | premarc |
| 050 00 - LIBRARY OF CONGRESS CALL NUMBER | |
| Classification number | DS238.U4 |
| Item number | N3 |
| 100 1# - MAIN ENTRY--PERSONAL NAME | |
| Personal name | Nadvī, ʻAbdussalām. |
| 245 10 - TITLE STATEMENT | |
| Title | Sīrat-i ʻUmar ibn ʻAbdul ʻAzīz. |
| 260 ## - PUBLICATION, DISTRIBUTION, ETC. | |
| Date of publication, distribution, etc. | [196-?] |
| 300 ## - PHYSICAL DESCRIPTION | |
| Extent | 240 p. |
| Dimensions | 19 cm. |
| 500 ## - GENERAL NOTE | |
| General note | In Urdu. |
| 500 ## - GENERAL NOTE | |
| General note | Text partially vocalized. |
| 504 ## - BIBLIOGRAPHY, ETC. NOTE | |
| Bibliography, etc. note | Bibliographical footnotes. |
| 600 00 - SUBJECT ADDED ENTRY--PERSONAL NAME | |
| Personal name | ʻUmar |
| Numeration | II, |
| Titles and other words associated with a name | Caliph, |
| Dates associated with a name | -720. |
No items available.